| 000 | 00389nam a22001337a 4500 | ||
|---|---|---|---|
| 008 | 151207b xxu||||| |||| 00| 0 eng d | ||
| 050 | _aPT1809.C6 | ||
| 100 |
_aArnim, Ludwig Achim _921221 |
||
| 245 |
_aContes Bizarres _c/by Achim Ludwig, Arnim, Freherr von |
||
| 260 |
_aParis _bJulliard _c1964 |
||
| 300 |
_a257p. ; _c19cm. |
||
| 600 |
_aFreiherr von _921304 |
||
| 942 |
_2lcc _cMONOGRAPH |
||
| 999 |
_c123834 _d123834 |
||